00749nam a2200217 i 4500001000700000003000700007005001700014008004100031020001800072080001900090100003000109245013300139250001200272260003600284300002200320490001900342600006600361700003200427830001900459852005300478189048SpMaBN20251013211648.0190325s1997 sp |||| |dspa d a84-253-3095-5 a821.111-31"19"1 aPlaidy, Jean, d1906-199310aMadame du Barry b: amante real / cJean Plaidy, seudónimo de Victoria Holt ; traducción de Mercedes Cernicharo y Dimas Mas. a1ª ed. aBarcelona : bGrijalbo, c1997. a226 p. ; c23 cm.1 aBestseller oro17aDu Barry, Jeanne Bécu, cComtesse, d1743-1793- vNovelas21 aHolt, Victoria, d1906-19930 aBestseller oro aES-MaACLjA-14438bR.151916cDEPO1dOlim: N-7438